[Event "ROM-ch U10"]
[Site "Calimanesti Caciulata"]
[Date "2016.04.21"]
[Round "5"]
[White "Musat, Tudor Mihai"]
[Black "Briciu, George Adrian"]
[Result "0-1"]
[WhiteElo "1121"]
[BlackElo "1001"]
[PlyCount "54"]
[EventDate "2016.04.18"]
[EventType "swiss"]
[EventRounds "9"]
[EventCountry "ROU"]
[SourceTitle "CBM 172 Extra"]
[Source "ChessBase"]
[SourceDate "2016.06.21"]
[SourceVersion "1"]
[SourceVersionDate "2016.06.21"]
[SourceQuality "1"]

1. e4 e5 2. Nf3 Nc6 3. Bc4 d6 4. 0-0 Be7 5. Nc3 Bg4 6. d3 Nf6 7. Nd5 Nxd5 8. exd5 Nd4 9. c3 Nxf3+ 10. gxf3 Bh3 11. Re1 Bg5 12. Bb5+ c6 13. dxc6 0-0 14. cxb7 Rb8 15. Be3 Bh4 16. Kh1 Rxb7 17. Rg1 Rxb5 18. Bh6 Rxb2 19. Rxg7+ Kh8 20. Rg1 Rg8 21. Qc1 Rxf2 22. Be3 Rfg2 23. Bxa7 R8g7 24. Qh6 Qf6 25. Qc1 Qg5 26. Qa3 Rxg1+ 27. Bxg1 Qg2# 0-1

[Event "ROM-ch U10"]
[Site "Calimanesti Caciulata"]
[Date "2016.04.19"]
[Round "2"]
[White "Briciu, George Adrian"]
[Black "Berechet, Eduard Mihai"]
[Result "0-1"]
[WhiteElo "1001"]
[BlackElo "1211"]
[PlyCount "56"]
[EventDate "2016.04.18"]
[EventType "swiss"]
[EventRounds "9"]
[EventCountry "ROU"]
[SourceTitle "CBM 172 Extra"]
[Source "ChessBase"]
[SourceDate "2016.06.21"]
[SourceVersion "1"]
[SourceVersionDate "2016.06.21"]
[SourceQuality "1"]

1. c4 c5 2. Nc3 e6 3. Nf3 a6 4. d3 Be7 5. g3 Qc7 6. Bg2 Nf6 7. Bf4 Qd8 8. 0-0 Nc6 9. e3 Nh5 10. Ne2 d6 11. e4 Nxf4 12. Nxf4 Qb6 13. b3 h5 14. Qe2 h4 15. Nxh4 Bxh4 16. gxh4 Rxh4 17. Rae1 Rxf4 18. e5 Nxe5 19. Qh5 Rg4 20. Qh8+ Ke7 21. Re4 Rg6 22. Qh4+ Kd7 23. Qh8 Nxd3 24. Rh4 Qc6 25. f3 Ne5 26. Kh1 b5 27. Qg8 Bb7 28. f4 Qxg2# 0-1